000 00625nam a2200217Ia 4500
003 GCL
008 140319s9999 xx 000 0 eng d
020 _a0072223499
040 _aGCL /
_cGCL
082 0 4 _a658.404
_bP I
100 1 _aPHILLIPS, JOSEPH
245 1 0 _aIT PROJECT MANAGEMENT :
_bON TRACK FROM START TO FINISH /
_cPHILLIPS, JOSEPH
260 _aنيويورك :
_bOSBORNE MCGRAOW - HILL ،
_c2002
300 _a24 CM ؛
_c477 P
650 0 4 _aSTATISTCAL DECISION
650 0 4 _aMANAGEMENT
650 0 4 _aOPERATION RESEARCH
650 0 4 _aPROJECT MANAGEMENT
650 0 4 _aMANAGEMENT SCIENCE
942 _2ddc
_cBK
999 _c7279
_d7279